000 00510nam a2200169Ia 4500
003 GCL
008 140319s9999 xx 000 0 ara d
040 _aGCL /
_cGCL
082 0 4 _aد
_b050
100 1 _aصلاح طنطاوى
245 1 0 _aنصف مليون دقيقة فى استراليا (اقرا 417) /
_cصلاح طنطاوى
300 _a181 ص
490 _aوثائق ونصوص
_v0
650 0 4 _aاستراليا
650 0 4 _aالمقالات العربية - استراليا
942 _2ddc
_cCF
999 _c27215
_d27215